Tendencias épicas en la mitología yagua /

Guardado en:
Autor Principal: Powlison, Paul
Formato: Libro
Publicado: Lima : Folklore Americani, 1972.
Materias:
Etiquetas: Agregar Etiqueta
Sin Etiquetas, Sea el primero en etiquetar este registro!
LEADER 00572nam a22001695a 4500
001 EHU.bham005162
008 130507s1972##################000#0#####d
005 20230203105921.0
245 1 0 |a Tendencias épicas en la mitología yagua /  |c Paul Powlison. 
260 |a Lima :  |b Folklore Americani,  |c 1972. 
300 |a 85 p. 
500 |a Separata de Folklore Americani. Lima nº 17, 1971-1972. 
100 1 |a Powlison, Paul 
082 5 7 |a 572.7 
651 7 |a Venezuela  |x Yagua  |2 mitología 
653 |a Antropología cultural 
859 |a AR-BHAM  |b BIB. HUMANIDADES - General  |h 572.7  |i P875  |p 187.74  |t Ej.1